01457nam a2200301 a 450000100060000000300080000600500170001400800410003102000470007203500190011904000320013804100080017008200250017824500880020326000490029130000280034049000450036850002260041350400510063965000670069065000730075770000450083070000440087583000680091994200130098799900170100095201380101730577BD-RjUL20211209051602.0181210s1976 cau b 001 0 eng  a0874362008 :c$17.95.a0874362016 ;c$5.75 a(BD-RjUL)30663 aDLCcDLCdDLCdBD-RjULbeng aeng00a305.42223bWOM 197600aWomen in the world :ba comparative study /cLynne B. Iglitzin, Ruth Ross, editors. aSanta Barbara, Calif. :bClio Books,cc1976. axviii, 427 p. ;c23 cm.1 aStudies in comparative politics ;vno. 6 a"This volume is the result of a series of seminar meetings sponsored jointly by the Department of Political Science of the University of California, Santa Barbara, and the Center for the Study of Democratic Institutions." aIncludes bibliographical references and index. 0aWomenxSocial conditions.xAddresses, essays, lectures9225827 0aWomenxLegal status, laws, etc.xAddresses, essays, lectures92258281 aIglitzin, Lynne B.,d1931- , ed.92258291 aRoss, Ruth A.,d1933- , jt. ed.9225834 0aStudies in international and comparative politics ;v6.9225835 2ddccRAR c30577d30577 00102ddc40718RAREaRUCLbRUCLcRared1982-01-04eHeffersg17.75l0oRA 305.42 WOM 1976r2018-12-10 00:00:00tC-1w2018-12-10yRAR